| 000 | 00692cam a22002177a 4500 | ||
|---|---|---|---|
| 999 |
_c3220 _d3220 |
||
| 001 | 9789 | ||
| 003 | BD-DhUAP | ||
| 005 | 20200303094417.0 | ||
| 008 | 200303s2005 enka bc 001 0 eng d | ||
| 020 | _a0714844985 | ||
| 040 |
_aTEF _cTEF _dTEF _dBAKER _dPPT _dBD-DhUAP _bEng |
||
| 082 |
_223 _a727.6 BAR |
||
| 100 | 1 | _aBarreneche, Raul A. | |
| 245 | 1 | 0 |
_aNew museums / _cRaul A. Barreneche. |
| 260 |
_aLondon : _bPhaidon Press, _cc2005. |
||
| 300 |
_a207 pages : _billustrations ; _c30 cm. |
||
| 504 | _aIncludes bibliographical references (p. 202-203) and index. | ||
| 650 | 0 |
_aMuseum architecture _vDesigns and plans. |
|
| 650 | 0 |
_aArt museum architecture _vDesigns and plans. |
|
| 942 |
_2ddc _cBK |
||